Metroid Prime Trilogy: Final Area Rooms - Statistics

General Stats
  • This quiz has been taken 9 times
  • The average score is 10 of 26
Answer Stats
Area Name Room % Correct
Impact Crater Metroid Prime Lair
100%
Impact Crater Subchamber 1
75%
Impact Crater Subchamber 2
75%
Impact Crater Subchamber 3
75%
Impact Crater Subchamber 4
75%
Impact Crater Subchamber 5
75%
Impact Crater Crater Entry Point
50%
Impact Crater Crater Missile Station
50%
Impact Crater Crater Tunnel A
50%
Impact Crater Crater Tunnel B
50%
Impact Crater Phazon Core
50%
Impact Crater Phazon Infusion Chamber
50%
Sky Temple Sanctum
50%
Phaaze Sanctum
50%
Sky Temple Sanctum Access
50%
Phaaze Landing Site
25%
Sky Temple Sky Temple Energy Controller
25%
Phaaze Cavern Alpha
0%
Phaaze Cavern Beta
0%
Phaaze Cavern Beta Access
0%
Phaaze Drop Shaft
0%
Phaaze Entry Canyon
0%
Phaaze Genesis Chamber
0%
Phaaze Hatcher Shaft
0%
Phaaze Hatcher Tunnel
0%
Phaaze Metroid Cavern
0%
No matching quizzes found
Score Distribution
Percent of People with Each Score
Percentile by Number Answered
Your Score History
You have not taken this quiz